| 000 | 00619nam a2200265Ia 4500 | ||
|---|---|---|---|
| 008 | 190123s9999 xx 000 0 und d | ||
| 020 | _a9780545659376 | ||
| 050 | _bA411 1992 | ||
| 100 | _aAliki | ||
| 245 | 0 | _aI'm growing! / | |
| 245 | 0 | _cby Aliki. | |
| 260 | _aNew York, New York : | ||
| 260 | _bScholastic, | ||
| 260 | _c1992 | ||
| 300 | _a31 pages : | ||
| 300 | _bcolored illustrations ; | ||
| 300 | _c20cm. | ||
| 440 | _aLet's-read-and-find-out science. | ||
| 500 | _a400L | ||
| 650 | _aChildren -- | ||
| 650 | _aHuman growth. | ||
| 650 | _xGrowth. | ||
| 700 | _aSeries. | ||
| 700 | _aTitle. | ||
| 999 |
_c361024 _d361024 |
||